Nilai waktu dalam kehidupan insan

Bibliographic Details
Main Author: Abdul Fatah AG
Format: Book
Published: Kuala Lumpur : Darul Nu'man , 1999
Subjects:

MARC

LEADER 00000cam a2200000 7i4500
001 0000014077
005 20080317.0
008 080220
020 |a 9830462218 
090 0 0 |a 640.43   |b ABD 
100 0 |a Abdul Fatah AG 
245 1 0 |a Nilai waktu dalam kehidupan insan   |c Abdul Fattah AG 
260 |a Kuala Lumpur :   |b Darul Nu'man ,   |c 1999 
650 0 |a Muslims   |x Time management 
650 0 |a Time   |x Religious aspects   |x Islam 
999 |a 0001007381   |b Book   |c Adult Collection   |e Cawangan Kota Tinggi 
999 |a 0001007382   |b Book   |c Adult Collection   |e Perbadanan Perpustakaan Awam Johor